| 000 | 00735nam a22002534a 4500 | ||
|---|---|---|---|
| 999 |
_c143257 _d143257 |
||
| 003 | UPN | ||
| 005 | 20240806064016.0 | ||
| 008 | 090611s2001 es gr 000 1 spa d | ||
| 020 | _a842610164X | ||
| 035 | _aUPN01000171152 | ||
| 040 |
_aUPN _bspa _cUPN |
||
| 049 | _aCG | ||
| 050 | 4 |
_aPR9145.9 M8.5 _bH5 |
|
| 100 | 1 | _aMunthe, Axel | |
| 245 | 1 | 3 |
_aLa historia de San Michele / _cAxel Munthe ; tr. Nanny Wachsmuth de Zamora. |
| 260 |
_aBarcelona, Esp. : _bJuventud, _c2001. |
||
| 300 | _a351 p. | ||
| 490 | _aLibros de bolsillo Z. Biografías | ||
| 534 |
_pTítulo original: _tBoker om Sam Michele |
||
| 650 | 4 |
_aLiteratura inglesa _95228 |
|
| 650 | 4 |
_aMEDICOS EN LA LITERATURA _913612 |
|
| 905 | _aLibro | ||
| 942 |
_2lcc _cLIBRO |
||